Vom unproduktiven Nebeneinander zum koordinierten Miteinander. <Eine> Handlungsanleitung hilft die Koordination von Produktion und Vertrieb zu verbessern.
Koordinácia výroby a odbytu ako reorganizačný projekt - výsledky výskumu Výskumného ústavu racionalizácie v Aachene. Jeho využitie v malých a stredných podnikoch. Faktory vplyvu na odbytovú situáciu podniku. Formy vybavenia objednávok. Štruktúra koordinácie medzi výrobou a odbytom pri vybavovaní obj...
Salvato in:
| Autore principale: | |
|---|---|
| Natura: | Capitolo di libro |
| Lingua: | tedesco |
| Soggetti: | |
| Tags: |
Nessun Tag, puoi essere il primo ad aggiungerne!!
|
MARC
| LEADER | 00000naa a2200000 4500 | ||
|---|---|---|---|
| 001 | r012758 | ||
| 005 | 20220826094737.1 | ||
| 041 | 0 | |a ger | |
| 044 | |a DE | ||
| 245 | 1 | 0 | |a Vom unproduktiven Nebeneinander zum koordinierten Miteinander. |b <Eine> Handlungsanleitung hilft die Koordination von Produktion und Vertrieb zu verbessern. |c D. Suttrop |
| 520 | |a Koordinácia výroby a odbytu ako reorganizačný projekt - výsledky výskumu Výskumného ústavu racionalizácie v Aachene. Jeho využitie v malých a stredných podnikoch. Faktory vplyvu na odbytovú situáciu podniku. Formy vybavenia objednávok. Štruktúra koordinácie medzi výrobou a odbytom pri vybavovaní objednávok. Organizačné a informačné aspekty systému koordinácie. Štruktúra dát a integrovaná databáza. | ||
| 610 | 2 | 0 | |a výroba |
| 610 | 2 | 0 | |a odbyt |
| 610 | 2 | 0 | |a koordinácia |
| 610 | 2 | 0 | |a reorganizácia |
| 610 | 2 | 0 | |a objednávky |
| 610 | 2 | 0 | |a štruktúra dát |
| 610 | 2 | 0 | |a báza dát |
| 100 | 1 | |a Suttrop, D. | |